000 00533nam a2200181Ia 4500
999 _c34956
_d34956
003 OSt
005 20201014095615.0
008 190216s9999||||xx |||||||||||||| ||und||
020 _a9788189059002
040 _coclc
082 _a305.5680954
_bJUE/R
100 _aJuergensmeyer, Mark
_95681
245 0 _aReligious Rebels In The Punjab /
_cMark Juergensmeyer
260 _bNavayana,
_c2009.
_aNew Delhi:
300 _a357p
650 _aPolitics
942 _cBK
_2ddc
_h305.5680954
_iJUE/R
_k305.5680954
_mJUE/R